<?xml version="1.0" encoding="UTF-8"?>
<collection xmlns="http://www.loc.gov/MARC21/slim">
 <record>
  <leader>02129cam a2200397 i 4500</leader>
  <controlfield tag="001">TVCDKTCT100954</controlfield>
  <controlfield tag="005">20200608135959.000</controlfield>
  <controlfield tag="008">150302t2015    mau           000 0 eng  </controlfield>
  <datafield tag="980" ind1="\" ind2="\">
   <subfield code="a">Thư viện Trường CĐ Kỹ Thuật Cao Thắng</subfield>
  </datafield>
  <datafield tag="024" ind1=" " ind2=" ">
   <subfield code="a">RG_1 #1 eb0 i1</subfield>
  </datafield>
  <datafield tag="010" ind1=" " ind2=" ">
   <subfield code="a">2015007184</subfield>
  </datafield>
  <datafield tag="020" ind1=" " ind2=" ">
   <subfield code="a">9781633690417</subfield>
  </datafield>
  <datafield tag="040" ind1=" " ind2=" ">
   <subfield code="a">DLC </subfield>
   <subfield code="b">eng </subfield>
   <subfield code="c">DLC </subfield>
   <subfield code="e">rda </subfield>
   <subfield code="d">DLC</subfield>
  </datafield>
  <datafield tag="042" ind1=" " ind2=" ">
   <subfield code="a">pcc</subfield>
  </datafield>
  <datafield tag="050" ind1="0" ind2="0">
   <subfield code="a">HD66 </subfield>
   <subfield code="b">.S4844 2015</subfield>
  </datafield>
  <datafield tag="082" ind1="0" ind2="0">
   <subfield code="a">658.4 </subfield>
   <subfield code="b">HBR G510D</subfield>
  </datafield>
  <datafield tag="100" ind1="1" ind2=" ">
   <subfield code="a">Shapiro, Mary.</subfield>
  </datafield>
  <datafield tag="245" ind1="1" ind2="0">
   <subfield code="a">HBR guide to leading teams / </subfield>
   <subfield code="c">Mary Shapiro.</subfield>
  </datafield>
  <datafield tag="246" ind1="3" ind2=" ">
   <subfield code="a">Harvard Business Review guide to leading teams</subfield>
  </datafield>
  <datafield tag="246" ind1="3" ind2="0">
   <subfield code="a">Guide to leading teams</subfield>
  </datafield>
  <datafield tag="260" ind1=" " ind2="1">
   <subfield code="a">Boston, Massachusetts : </subfield>
   <subfield code="b">Harvard Business Review Press, </subfield>
   <subfield code="c">2015.</subfield>
  </datafield>
  <datafield tag="264" ind1=" " ind2="4">
   <subfield code="c">©201</subfield>
  </datafield>
  <datafield tag="300" ind1=" " ind2=" ">
   <subfield code="a">xv, 165 pages ; </subfield>
   <subfield code="c">23 cm</subfield>
  </datafield>
  <datafield tag="336" ind1=" " ind2=" ">
   <subfield code="a">text </subfield>
   <subfield code="2">rdaconten</subfield>
  </datafield>
  <datafield tag="337" ind1=" " ind2=" ">
   <subfield code="a">unmediated </subfield>
   <subfield code="2">rdamedi</subfield>
  </datafield>
  <datafield tag="338" ind1=" " ind2=" ">
   <subfield code="a">volume </subfield>
   <subfield code="2">rdacarrie</subfield>
  </datafield>
  <datafield tag="490" ind1=" " ind2="0">
   <subfield code="a">Harvard business review guide</subfield>
  </datafield>
  <datafield tag="505" ind1=" " ind2="0">
   <subfield code="a">Introduction -- Build your team's infrastructure -- Pull together a winning team -- Get to know one another -- Establish your team's goals -- Agree on individuals' roles -- Agree on rules of conduct -- Set the stage for accountability -- Commit to a team contract -- Manage your team -- Make optimal team decisions -- Hold people accountable -- Give people recognition -- Resolve conflicts constructively -- Welcome new members -- Manage outside the team -- Close out your team -- Deliver the goods -- Learn from your team's experiences -- Appendix A: Rules inventory -- Appendix B: Cultural audit -- Appendix C: Team contract -- About the author</subfield>
  </datafield>
  <datafield tag="650" ind1=" " ind2=" ">
   <subfield code="a">Leadership</subfield>
  </datafield>
  <datafield tag="650" ind1=" " ind2=" ">
   <subfield code="a">Teams in the workplace </subfield>
   <subfield code="x">Management</subfield>
  </datafield>
  <datafield tag="721" ind1="#" ind2="#">
   <subfield code="a">Kế Toán</subfield>
  </datafield>
  <datafield tag="841" ind1="#" ind2="#">
   <subfield code="b">Kho Sách </subfield>
   <subfield code="j">100051225, 100052531, 100053340</subfield>
  </datafield>
  <datafield tag="906" ind1=" " ind2=" ">
   <subfield code="a">7 </subfield>
   <subfield code="b">cbc </subfield>
   <subfield code="c">orignew </subfield>
   <subfield code="d">1 </subfield>
   <subfield code="e">ecip </subfield>
   <subfield code="f">20 </subfield>
   <subfield code="g">y-gencatlg</subfield>
  </datafield>
  <datafield tag="925" ind1="0" ind2=" ">
   <subfield code="a">acquire </subfield>
   <subfield code="b">1 shelf copy </subfield>
   <subfield code="x">policy default</subfield>
  </datafield>
  <datafield tag="955" ind1=" " ind2=" ">
   <subfield code="b">rm13 2015-03-02 </subfield>
   <subfield code="i">rm13 2015-03-02 (telework) </subfield>
   <subfield code="w">xl03 2015-03-04 </subfield>
   <subfield code="a">xn13 2018-09-17 1 copy rec'd., to CIP ver. </subfield>
   <subfield code="f">rm05 2018-09-25 to CALM</subfield>
  </datafield>
  <datafield tag="963" ind1=" " ind2=" ">
   <subfield code="a">Kevin Evers; phone: 617-783-7778; email: kevers@hbr.org; bc: kevers@harvardbusiness.or</subfield>
  </datafield>
 </record>
</collection>
